000 00427nam a22001697a 4500
003 koha_MIRAKIL
005 20231213095801.0
008 231213b |||||||| |||| 00| 0 ||| d
040 _aTR-IsEVY
_btur
_cTR-IsEVY
082 _a843.914 JAC/H
100 _aChristian Jacq.
245 0 _aHiram Usta ve Süleyman Peygamber.
260 _b[s.n.],
_c2000
300 _a[ ] p.
650 _aFransız Edebiyatı.
942 _2ddc
_cBK
999 _c9377
_d9377